Statystyki dla 5 największych języków semickich

Kliknij tutaj aby rozwiązać quiz!

Ogólne statystyki

  • Ten quiz został rozwiązany 135 razy
  • Średni wynik to 2 z 5

Statystyki odpowiedzi

Głośniki ca.Język% Poprawnych
300 millionarabski
86%
~5 millionhebrajski
80%
22 millionamharski
12%
~1.05 milliontigre
2%
7 milliontigrinia
2%

Rozkład punktacji

Percentyl według liczby udzielonych odpowiedzi

Procent ludzi z każdym wynikiem

Twoja historia wyników

Nie rozwiązałeś tego quizu